00218nam a22000977a 4500008004100000082001200041100000700053245004400060260000700104300000900111230703b xxu||||| |||| 00| 0 eng d a345bUN cUN aInternational Review of Criminal Policy bUN a160P